<?xml version="1.0" encoding="UTF-8"?>
<record
    xmlns:xsi="http://www.w3.org/2001/XMLSchema-instance"
    xsi:schemaLocation="http://www.loc.gov/MARC21/slim http://www.loc.gov/standards/marcxml/schema/MARC21slim.xsd"
    xmlns="http://www.loc.gov/MARC21/slim">

  <leader>00672nam a22001577a 4500</leader>
  <controlfield tag="003">OSt</controlfield>
  <controlfield tag="005">20170803140214.0</controlfield>
  <controlfield tag="008">170803b        xxu||||| |||| 00| 0 eng d</controlfield>
  <datafield tag="040" ind1=" " ind2=" ">
    <subfield code="c">RUA</subfield>
  </datafield>
  <datafield tag="082" ind1=" " ind2=" ">
    <subfield code="a">AGR KON 2014 B556 Or.1</subfield>
  </datafield>
  <datafield tag="100" ind1=" " ind2=" ">
    <subfield code="9">11756</subfield>
    <subfield code="a">KONG TOLA; &#x1782;&#x1784;&#x17CB; &#x178F;&#x17BB;&#x179B;&#x17B6;</subfield>
  </datafield>
  <datafield tag="245" ind1=" " ind2=" ">
    <subfield code="a">Keo roumeat mango production in kampong svay commune, kien svay district, kandal province; &#x1795;&#x179B;&#x17B7;&#x178F;&#x1780;&#x1798;&#x17D2;&#x1798;&#x178A;&#x17C6;&#x178E;&#x17B6;&#x17C6;&#x179F;&#x17D2;&#x179C;&#x17B6;&#x1799;&#x1780;&#x17C2;&#x179C;&#x179A;&#x1798;&#x17C0;&#x178F;&#x1793;&#x17C5;&#x1783;&#x17BB;&#x17C6;&#x1780;&#x17C6;&#x1796;&#x1784;&#x17CB;&#x179F;&#x17D2;&#x179C;&#x17B6;&#x1799; &#x179F;&#x17D2;&#x179A;&#x17BB;&#x1780;&#x1780;&#x17C0;&#x1793;&#x179F;&#x17D2;&#x179C;&#x17B6;&#x1799; &#x1781;&#x17C1;&#x178F;&#x17D2;&#x178F;&#x1780;&#x178E;&#x17D2;&#x178F;&#x17B6;&#x179B;</subfield>
  </datafield>
  <datafield tag="260" ind1=" " ind2=" ">
    <subfield code="a">Phnom Penh</subfield>
    <subfield code="b">RUA</subfield>
    <subfield code="c">2014</subfield>
  </datafield>
  <datafield tag="300" ind1=" " ind2=" ">
    <subfield code="a">xii;48p;</subfield>
    <subfield code="b">ill;</subfield>
    <subfield code="c">29cm;</subfield>
  </datafield>
  <datafield tag="942" ind1=" " ind2=" ">
    <subfield code="2">ddc</subfield>
    <subfield code="c">AGR</subfield>
  </datafield>
  <datafield tag="999" ind1=" " ind2=" ">
    <subfield code="c">11549</subfield>
    <subfield code="d">11549</subfield>
  </datafield>
  <datafield tag="952" ind1=" " ind2=" ">
    <subfield code="0">0</subfield>
    <subfield code="1">0</subfield>
    <subfield code="2">ddc</subfield>
    <subfield code="4">0</subfield>
    <subfield code="6">AGR_KON_2014_000000000000000_B556_OR_1</subfield>
    <subfield code="7">0</subfield>
    <subfield code="9">59530</subfield>
    <subfield code="a">LBB</subfield>
    <subfield code="b">LBB</subfield>
    <subfield code="c">B556</subfield>
    <subfield code="d">2017-08-03</subfield>
    <subfield code="l">1</subfield>
    <subfield code="o">AGR KON 2014 B556 Or.1</subfield>
    <subfield code="p">A12582</subfield>
    <subfield code="r">2017-11-01</subfield>
    <subfield code="s">2017-10-16</subfield>
    <subfield code="w">2017-08-03</subfield>
    <subfield code="y">AGR</subfield>
  </datafield>
  <datafield tag="952" ind1=" " ind2=" ">
    <subfield code="0">0</subfield>
    <subfield code="1">0</subfield>
    <subfield code="2">ddc</subfield>
    <subfield code="4">0</subfield>
    <subfield code="6">AGR_KON_2014_000000000000000_B556_OR_2</subfield>
    <subfield code="7">0</subfield>
    <subfield code="9">59531</subfield>
    <subfield code="a">LBB</subfield>
    <subfield code="b">LBB</subfield>
    <subfield code="c">B556</subfield>
    <subfield code="d">2017-08-03</subfield>
    <subfield code="l">3</subfield>
    <subfield code="o">AGR KON 2014 B556 Or.2</subfield>
    <subfield code="p">A12528</subfield>
    <subfield code="r">2026-06-08</subfield>
    <subfield code="s">2026-05-07</subfield>
    <subfield code="w">2017-08-03</subfield>
    <subfield code="y">AGR</subfield>
  </datafield>
  <datafield tag="952" ind1=" " ind2=" ">
    <subfield code="0">0</subfield>
    <subfield code="1">0</subfield>
    <subfield code="2">ddc</subfield>
    <subfield code="4">0</subfield>
    <subfield code="6">AGR_KON_2014_000000000000000_B556_OR_3</subfield>
    <subfield code="7">0</subfield>
    <subfield code="9">59532</subfield>
    <subfield code="a">LBB</subfield>
    <subfield code="b">LBB</subfield>
    <subfield code="c">B556</subfield>
    <subfield code="d">2017-08-03</subfield>
    <subfield code="l">1</subfield>
    <subfield code="o">AGR KON 2014 B556 Or.3</subfield>
    <subfield code="p">A12907</subfield>
    <subfield code="r">2017-11-11</subfield>
    <subfield code="s">2017-10-28</subfield>
    <subfield code="w">2017-08-03</subfield>
    <subfield code="y">AGR</subfield>
  </datafield>
  <datafield tag="952" ind1=" " ind2=" ">
    <subfield code="0">0</subfield>
    <subfield code="1">0</subfield>
    <subfield code="2">ddc</subfield>
    <subfield code="4">0</subfield>
    <subfield code="6">AGR_KON_2014_000000000000000_B556_OR_4</subfield>
    <subfield code="7">0</subfield>
    <subfield code="9">59533</subfield>
    <subfield code="a">LBB</subfield>
    <subfield code="b">LBB</subfield>
    <subfield code="c">B556</subfield>
    <subfield code="d">2017-08-03</subfield>
    <subfield code="l">1</subfield>
    <subfield code="o">AGR KON 2014 B556 Or.4</subfield>
    <subfield code="p">A13062</subfield>
    <subfield code="r">2018-06-06</subfield>
    <subfield code="s">2018-05-30</subfield>
    <subfield code="w">2017-08-03</subfield>
    <subfield code="y">AGR</subfield>
  </datafield>
  <datafield tag="952" ind1=" " ind2=" ">
    <subfield code="0">0</subfield>
    <subfield code="1">0</subfield>
    <subfield code="2">ddc</subfield>
    <subfield code="4">0</subfield>
    <subfield code="6">AGR_KON_2014_000000000000000_B556_OR_5</subfield>
    <subfield code="7">0</subfield>
    <subfield code="9">59534</subfield>
    <subfield code="a">LBB</subfield>
    <subfield code="b">LBB</subfield>
    <subfield code="c">B556</subfield>
    <subfield code="d">2017-08-03</subfield>
    <subfield code="l">3</subfield>
    <subfield code="o">AGR KON 2014 B556 Or.5</subfield>
    <subfield code="p">A12908</subfield>
    <subfield code="r">2024-08-07</subfield>
    <subfield code="s">2024-07-19</subfield>
    <subfield code="w">2017-08-03</subfield>
    <subfield code="y">AGR</subfield>
  </datafield>
  <datafield tag="952" ind1=" " ind2=" ">
    <subfield code="0">0</subfield>
    <subfield code="1">0</subfield>
    <subfield code="2">ddc</subfield>
    <subfield code="4">0</subfield>
    <subfield code="6">AGR_KON_2014_000000000000000_B556_OR_6</subfield>
    <subfield code="7">0</subfield>
    <subfield code="9">59535</subfield>
    <subfield code="a">LBB</subfield>
    <subfield code="b">LBB</subfield>
    <subfield code="c">B556</subfield>
    <subfield code="d">2017-08-03</subfield>
    <subfield code="o">AGR KON 2014 B556 Or.6</subfield>
    <subfield code="p">A12502</subfield>
    <subfield code="r">2017-08-03</subfield>
    <subfield code="w">2017-08-03</subfield>
    <subfield code="y">AGR</subfield>
  </datafield>
  <datafield tag="952" ind1=" " ind2=" ">
    <subfield code="0">0</subfield>
    <subfield code="1">0</subfield>
    <subfield code="2">ddc</subfield>
    <subfield code="4">0</subfield>
    <subfield code="6">AGR_KON_2014_000000000000000_B556_OR_7</subfield>
    <subfield code="7">0</subfield>
    <subfield code="9">59536</subfield>
    <subfield code="a">LBB</subfield>
    <subfield code="b">LBB</subfield>
    <subfield code="c">B556</subfield>
    <subfield code="d">2017-08-03</subfield>
    <subfield code="l">3</subfield>
    <subfield code="o">AGR KON 2014 B556 Or.7</subfield>
    <subfield code="p">A12512</subfield>
    <subfield code="r">2019-07-10</subfield>
    <subfield code="s">2019-06-28</subfield>
    <subfield code="w">2017-08-03</subfield>
    <subfield code="y">AGR</subfield>
  </datafield>
  <datafield tag="952" ind1=" " ind2=" ">
    <subfield code="0">0</subfield>
    <subfield code="1">0</subfield>
    <subfield code="2">ddc</subfield>
    <subfield code="4">0</subfield>
    <subfield code="6">AGR_KON_2014_000000000000000_B556_OR_8</subfield>
    <subfield code="7">0</subfield>
    <subfield code="9">59537</subfield>
    <subfield code="a">LBB</subfield>
    <subfield code="b">LBB</subfield>
    <subfield code="c">B556</subfield>
    <subfield code="d">2017-08-03</subfield>
    <subfield code="o">AGR KON 2014 B556 Or.8</subfield>
    <subfield code="p">A12365</subfield>
    <subfield code="r">2017-08-03</subfield>
    <subfield code="w">2017-08-03</subfield>
    <subfield code="y">AGR</subfield>
  </datafield>
</record>
